000
00309nam a2200133Ia 4500
003
OSt
005
20240319101602.0
008
170524s9999 xx 000 0 und d
020
_a
978-9332556997
040
_c
IIMT UNIVERSITY
100
_a
GREENBERG- J
245
0
_a
BEHAVIOUR IN ORGANIZATION
942
_2
ddc
_c
02
999
_c
9968
_d
9968